Statistics for Latin America Countries Map Quiz

Click here to take the quiz!

General Stats

  • This quiz has been taken 8,432 times
  • The average score is 16 of 24

Answer Stats

Country% Correct
Mexico
98%
Guatemala
80%
Panama
76%
Brazil
75%
Honduras
75%
Colombia
74%
El Salvador
74%
Chile
71%
Costa Rica
70%
Nicaragua
70%
Venezuela
70%
Belize
68%
Argentina
66%
Peru
65%
Ecuador
63%
Bolivia
62%
Paraguay
61%
Uruguay
61%
Cuba
59%
Guyana
59%
Suriname
59%
Haiti
54%
Dominican Rep.
49%
Jamaica
44%

Score Distribution

Percentile by Number Answered

Percent of People with Each Score

Your Score History

You have not taken this quiz